Normal view
MARC view
- Dr. Zahid Siddiqe
Entry Personal Name
001 - CONTROL NUMBER
- control field: 27454
003 - CONTROL NUMBER IDENTIFIER
- control field: NUST
005 - DATE AND TIME OF LATEST TRANSACTION
- control field: 20200109155209.0
008 - FIXED-LENGTH DATA ELEMENTS
- fixed length control field: 200109|| aca||aabn | a|a d
040 ## - CATALOGING SOURCE
- Original cataloging agency: NUST
- Transcribing agency: NUST
100 ## - HEADING--PERSONAL NAME
- Personal name: Dr. Zahid Siddiqe
670 ## - SOURCE DATA FOUND
- Source citation: Work cat.: (NUST): Sabir, Ayesha 27453, A Demand and Supply Analysis of Pakistan‘s Underperforming Education Sector Using OOSC /, 2019.
